El Món laboral dels avis / coordinació de l'exposició i catàleg: Manuel Luengo Carrasco ; textos: Xavier Calderé i Bel Manuel Luengo Carrasco ; textos:
Descripción Física:
38 p. : il. ; 21 cm
MARC
| LEADER | 00000nam a2200000Ia 4500 | ||
|---|---|---|---|
| 001 | 22012 | ||
| 008 | 160829s2004 xx 000 0 cat d | ||
| 080 | |a FU-49-46 | ||
| 245 | |a El Món laboral dels avis / coordinació de l'exposició i catàleg: |b Manuel Luengo Carrasco ; textos: |b Xavier Calderé i Bel | ||
| 260 | |a Viladecans : |b Ajuntament de Viladecans, Diputació de Barcelona, |c 2004 | ||
| 300 | |a 38 p. : |b il. ; |c 21 cm | ||
| 590 | |a Catàleg de l'exposició fotogràfica de la 15a Setmana de la Gent Gran (2004) | ||
| 650 | |a Treball |x Viladecans |9 42090 | ||
| 650 | 0 | |a Persones grans |z Viladecans (Catalunya) |9 42091 | |
| 700 | 1 | |a Calderé i Bel, Xavier |9 39415 |e autor | |
| 700 | 1 | |a Luengo Carrasco, Manuel, |d 1962- |e editor literari |9 32179 | |
| 710 | 1 | |a Barcelona (Catalunya : Província). |b Diputació |9 52408 | |
| 710 | 1 | |a Viladecans (Catalunya). |b Ajuntament |9 54292 | |
| 901 | |a Arxiu | ||
| 942 | |n 1 |2 udc | ||
| 952 | |0 0 |1 0 |4 0 |6 FU4946 |7 1 |9 50659 |a Arxiu |b Arxiu |d 2016-12-01 |l 0 |o FU-49-46 |p 22012 |r 2016-12-01 00:00:00 |w 2016-12-01 |y ARXIU | ||
| 999 | |c 54501 |d 54501 | ||